| 000 | 00488nam a2200181Ia 4500 | ||
|---|---|---|---|
| 003 | OSt | ||
| 005 | 20200824103022.0 | ||
| 008 | 190216s9999||||xx |||||||||||||| ||und|| | ||
| 020 | _a9788131506714 | ||
| 040 | _coclc | ||
| 082 |
_a530.41 _bWEI/S |
||
| 100 |
_aWei, Dan _94295 |
||
| 245 | 0 |
_aSolid State Physics / _cDan Wei |
|
| 260 |
_bCengage Learning, _c2008. _aDelhi: |
||
| 300 | _a339p | ||
| 650 | _aPhysics | ||
| 942 |
_cBK _2ddc _h530.41 _iWEI/S _k530.41 _mWEI/S |
||
| 999 |
_c34304 _d34304 |
||